Condiciones socioeconómicas, conflicto social y reforma agraria en América Central (Registro nro. 22909)

Detalles MARC
000 -LEADER
fixed length control field 00376 a2200109 4500
001 - CONTROL NUMBER
control field ART_5555
005 - DATE AND TIME OF LATEST TRANSACTION
control field 20260410161827.0
008 - FIXED-LENGTH DATA ELEMENTS--GENERAL INFORMATION
fixed length control field 260409a
100 1# - MAIN ENTRY--PERSONAL NAME
Personal name Liboreiro, Ernesto
245 10 - TITLE STATEMENT
Title Condiciones socioeconómicas, conflicto social y reforma agraria en América Central
773 0# - HOST ITEM ENTRY
Title Estudios Económicos
Related parts - Vol. 3, Nº 5/6 (ene./dic. 1984)
Record control number REV5080

No hay ítems disponibles.